00260 a2200121 4500001000700000020002200007040001100029100001600040240003500056245003000091300000800121362000900129171805 a978-85-260-1993-5 cMagnum aRey, Marcos10aUm cadáver ouve rádiolpor10aUm cadáver ouve rádio a1220 a2014